000 00840nmc a2200337 a 4500
003 AR-BaBNM
005 20251128203225.0
008 027019s1962 ||||||||||||||000 | spa||
040 _cAR-BaBNM
100 1 _aEcheverría, Esteban
_d1805-1851
245 1 0 _aLa cautiva
_bseguido de El matadero. La Guitarra. Elvira. Rimas
250 _a7ª ed.
260 _aBuenos Aires
_bSopena
_c1962
300 0 _a189 p.
490 0 _aLiteraria Sopena
650 4 _aLITERATURA ARGENTINA
650 4 _aCULTURA
650 4 _aHUMANIDADES
650 4 _aROMANTICISMO
650 4 _aPOESIA
650 4 _aEPOCA DE ROSAS
650 4 _aGENERACION DE 1837
650 4 _aSALON LITERARIO
655 _aLITERATURA
740 0 _aElvira
740 0 _aEl matadero
740 0 _aLa guitarra
740 0 _aRimas
942 _cBK
998 _cMARTIN
999 _c2468
_d2468